Zastosowanie analizy wariancji w eksperymentalnych badaniach psychologicznych
Guardado en:
| Autor principal: | |
|---|---|
| Otros Autores: | |
| Formato: | Libro |
| Lenguaje: | polaco |
| Publicado: |
Warszawa
Wydawnictwo naukowe
1984
|
| Edición: | 2. wyd. |
| Etiquetas: |
Sin Etiquetas, Sea el primero en etiquetar este registro!
|
MARC
| LEADER | 00000nam a2200000 4500 | ||
|---|---|---|---|
| 001 | c108213 | ||
| 005 | 20041019155140.7 | ||
| 041 | 0 | |a pol | |
| 044 | |a PL | ||
| 245 | 1 | 0 | |a Zastosowanie analizy wariancji w eksperymentalnych badaniach psychologicznych |c Jerzy Brzezinski, Ryszard Stachowski |
| 250 | |a 2. wyd. | ||
| 264 | 1 | |a Warszawa |b Wydawnictwo naukowe |c 1984 | |
| 300 | |a 438 s. | ||
| 100 | 1 | |a Brzezinski, Jerzy | |
| 700 | 1 | |a Stachowski, Ryszard | |